Etica y política /
Sparad:
| Institutionella upphovsmän: | , |
|---|---|
| Materialtyp: | Text |
| Publicerad: |
Ciudad de Panamá:
TEP
|
| Ämnen: | |
| Taggar: |
Lägg till en tagg
Inga taggar, Lägg till första taggen!
|
MARC
| LEADER | 00000 a a2200000 04500 | ||
|---|---|---|---|
| 001 | 29680 | ||
| 003 | |||
| 040 | |||
| 090 | |a 193000 | ||
| 110 | |a S. E. Cardenal | ||
| 245 | |a Etica y política / |c S. E. Cardenal | ||
| 260 | |a Ciudad de Panamá: |b TEP | ||
| 300 | |a 205 p | ||
| 500 | |a Transcripción realizada por la Fundación Pro-Fe | ||
| 650 | |a ETICA | ||
| 650 | |a POLITICA | ||
| 650 | |a DOCTRINAS SOCIALES | ||
| 710 | |a Rodríguez Maradiaga, Oscar Andrés |a sbd |a Arzobispo de Tegucigalpa | ||
| 999 | |c 10973 |d 10973 | ||
